000 01421cab a2200373 4500
001 ABS55965
008 090401t1996 xxu||||| |||| 00| 0 eng d
035 _a(Sirsi) u20155
041 _aeng
245 _aRetail
260 _c1996
300 _aLOAN
350 _a0
490 _aProperty Week
_vSupplement 54(4) 25 October 1996, (52)
520 _aIncludes articles on overseas opportunities, franchising, smaller shopping centres, out-of-town development, Virgin Retail Group, the Metrocentre, and bomb disaster recovery strategies. Tables of international market statistics such as rents per square metre in US dollars for the world`s most expensive shopping streets, number of cross-border retail movements and European shopping centre development figures.
650 _aBRAZIL
650 _aDISASTER RECOVERY
650 _aEMERGING MARKETS
650 _aEUROPE
650 _aFRANCHISING
650 _aMETROCENTRE
650 _aNEIGHBOURHOOD SHOPPING CENTRES
650 _aOUT-OF-TOWN RETAIL DEVELOPMENT
650 _aPLANNING POLICY GUIDANCE NOTE SIX
650 _aPROPERTY-COMMERCIAL PROPERTY-RETAIL PROPERTY-RETAIL PROPERTY MARKET
650 _aRETAIL RENTS
650 _aSHOPPING CENTRES
650 _aSOUTH AFRICA
650 _aSOUTH AMERICA
650 _aVIRGIN RETAIL GROUP
690 _aPROPERTY-COMMERCIAL PROPERTY-RETAIL PROPERTY
942 _n0
948 _c04/03/1997
999 _c13506
_d13506